000 01773nam0a22002891 4500
001 rc\1000796
005 20260407091320.0
035 _a(NLR Aleph) 006167126
090 _a5925085
_c5925085
100 _a20041129d1981 |||y0rusy50 ca
101 0 _arus
102 _aRU
105 _aa |||||||||
200 1 _aСовершенствование системы управления эффективностью производства ГА с применением АСУ и ВТ
_eТр. всесоюз. науч.-техн. конф.
_fПод ред. И.С. Голубева
210 _aМ.
_cМИИГА
_d1981 (вып. дан. 1982)
215 _a248 с., 1 л. ил.
_cил.
_d20
300 _aЗагл. обл.: Труды всесоюзной научно-технической конференции "Совершенствование системы управления эффективного производства ГА с применением АСУ и ВТ"
300 _aВ надзаг.: М-во гражд. авиации, Моск. ин-т инженеров гражд. авиации
320 _aБиблиогр. в конце докл.
512 0 _aТруды всесоюзной научно-технической конференции "Совершенствование системы управления эффективного производства ГА с применением АСУ и ВТ"
702 1 _aГолубев
_bИ.С.
_gИван Семенович
_4340
712 0 2 _aМосковский институт инженеров гражданской авиации
_3RU\NLR\AUTH\8816122
_9305368
801 0 _aRU
_bNLR
_gpsbo
801 1 _aRU
_bELAR
_2rusmarc
852 _aNLR
_j83-3/524
942 _cBOOK
980 _aNB